000 00682nam a2200289Ia 4500
005 20260324142605.0
008 008 260324s9999 xx 000 0 eng d
020 _a9781315485294
037 _aEBOOK
040 _aCRL
040 _beng
040 _cCRL
041 _2eng
041 _aeng
084 _qCRL
100 _aDouglas Dowd
_91208488
245 0 _aUS Capitalist Development Since 1776
245 0 _bOf, by and for Which People?
260 _bTaylor and Francis
260 _c1994
365 _a
365 _b290
856 _uhttp://www.taylorfrancis.com/books/9781315485294
942 _cEBOOK
999 _c1816872
_d1816872